| 000 | 00475nam a22001457a 4500 | ||
|---|---|---|---|
| 005 | 20250825115644.0 | ||
| 008 | 250825b |||||||| |||| 00| 0 eng d | ||
| 100 | _aBIRUNDU JOSIAH SONG'ORO | ||
| 245 | _aCOLONIAL TRANSFORMATION OF LAND TENURE SYSTEMS AND TRADITIONAL AGRICULTURAL PRACTICES IN GUSII LAND, KENYA 1904-1963 | ||
| 260 |
_aKISII _bKISII UNIVERSITY _c2016 |
||
| 300 | _aX,94P. | ||
| 500 | _aINCLUDES AN INDEX | ||
| 650 | _aLAND TENURE-KENYA | ||
| 942 |
_2lcc _cREF |
||
| 999 |
_c216049 _d216049 |
||